Fr. Conceicao Rodrigues College of Engineering

India's Railway Man: Biography of E.Sreedharan (Record no. 33305)

MARC details
000 -LEADER
fixed length control field 00335nam a2200157Ia 4500
082 ## - DEWEY DECIMAL CLASSIFICATION NUMBER
Item number AKL
100 ## - MAIN ENTRY--PERSONAL NAME
Personal name Aklekar/Rajendra B
245 ## - TITLE STATEMENT
Title India's Railway Man: Biography of E.Sreedharan
260 ## - PUBLICATION, DISTRIBUTION, ETC.
Name of publisher, distributor, etc. Rupa
Date of publication, distribution, etc. 2017
366 ## - TRADE AVAILABILITY INFORMATION
Publishers's discount category 20
300 ## - PHYSICAL DESCRIPTION
Extent 253
546 ## - LANGUAGE NOTE
Language note ENGLISH
650 ## - SUBJECT ADDED ENTRY--TOPICAL TERM
Topical term or geographic name entry element Biography
654 ## - SUBJECT ADDED ENTRY--FACETED TOPICAL TERMS
Focus term biography
942 ## - ADDED ENTRY ELEMENTS (KOHA)
Koha item type BOOK
Holdings
Withdrawn status Lost status Damaged status Not for loan Collection Home library Current library Date acquired Source of acquisition Cost, normal purchase price Inventory number Total Checkouts Full call number Barcode Date due Date last seen Date last checked out Cost, replacement price Price effective from Koha item type
        CRC Fr. Agnel's C.Rodrigues College of Engineering AGNEL TECHNICAL COLLEGE LIBRARY 17/03/2023 Allied Publisher 236.00 1057 dt 27.02.2018 1 AKL 25194 27/01/2025 17/01/2025 17/01/2025 295.00   BOOK